00459nam a22001337a 4500003000500000082000800005100003300013245008100046264003700127300003100164650003600195700003700231856005700268NUST a621 aAli Raza Mashhadi ,Muhammad  aStudy the Effects of Water Injection in Engine /cMuhammad Ali Raza Mashhadi aIslamabad: bSMME- NUST. c2021. a68p. ;bSoft Copy, c30cm. aMS Mechanical Engineering  aSupervisor : Dr. Sami ur Rahman  uhttp://10.250.8.41:8080/xmlui/handle/123456789/23768